| 000 | 00367nam a22001457a 4500 | ||
|---|---|---|---|
| 003 | OSt | ||
| 008 | 240224b |||||||| |||| 00| 0 eng d | ||
| 020 | _a9789389053814 | ||
| 082 |
_a153.55 _bATM |
||
| 100 | _aATKINSON,William Walker | ||
| 245 | _aHow to Develop,Train,and Use it | ||
| 260 |
_aNew Delhi _bFingerprint Classic _c2023 |
||
| 300 | _a207 | ||
| 942 |
_2ddc _cBK |
||
| 999 |
_c12246 _d12246 |
||